000 00428pab a2200145 454500
008 180718b1997 xxu||||| |||| 00| 0 eng d
100 _aPatel, Pravin J.
245 _aTrade unions and class mobilisation of workers: towards a theory of social polarisation and mobilisation
260 _c1997
300 _ap.L23-L36
362 _a30 Aug
650 _aTrade unions
773 _aEconomic and Political Weekly
909 _a35421
999 _c35421
_d35421